Monuments historiques de Besançon - Statistiques

Statistiques générales
  • Ce quiz a été pris 82 fois
  • Le résultat moyen est 3 sur 33
Statistiques - réponses
Monument Date de classement % Correct
Citadelle 1942
93%
Porte Noire 1840
54%
Cathédrale Saint-Jean 1875
43%
Église Sainte-Madeleine 1930
22%
Église Saint-Pierre 1942
19%
Palais Granvelle 1862
13%
Square Castan 1886
10%
Collège Victor Hugo 1942
9%
Hôtel de ville 1912
9%
Préfecture du Doubs 1923
9%
Théâtre Ledoux 1928
6%
Tour de la Pelote 1942
4%
Abbaye Saint-Paul 1942
3%
Arènes 1927
3%
Fontaine des dames 1921
3%
Temple du Saint-Esprit 1932
3%
Chapelle Saint-Jacques 1927
1%
Fontaine des Carmes 1922
1%
Hôtel Mareschal 1938
1%
Synagogue 1984
1%
Caborde des Montboucons 1982
0%
Fontaine du Doubs 1921
0%
Hôtel Alvizet 2009
0%
Hôtel de Courbouzon 1984
0%
Hôtel de Grosbois 1996
0%
Hôtel de Ligniville 1984
0%
Hôtel de Magnoncourt 1996
0%
Hôtel Michôtey 2007
0%
Hôtel Terrier de Santans 2010
0%
Palais archiépiscopal 1908
0%
Palais de justice 1911
0%
Remparts Vauban 1942
0%
Tour de Bregille 1942
0%
Aucun quiz correspondant
Distribution des résultats
% des personnes avec chaque résultat
Percentile par nombre de réponses
Votre historique - résultats
Vous n’avez pas pris ce quiz